| 000 | 00948cam a2200193 4500 | ||
|---|---|---|---|
| 001 | x118185 | ||
| 008 | 020528n2002 000 0 eng u | ||
| 035 | _a(Sirsi) u118185 | ||
| 245 | _aR (on the application of David and Lynda Turpin) v Commissioner for Local Administration | ||
| 260 | _c2002 | ||
| 490 |
_aJournal of Planning and Environment Law _v[2002[ JPL 326-342(17) |
||
| 520 | _aQBD 28 June 2001. Application for planning permission. Resolution to grant permission subject to s106 agreement. Complaint to Local Ombudsman. Decision not to investigate. Requirements as to disclosure of documents. Judicial review of decision of Ombudsman allowed. (Taken from headnote) | ||
| 650 | _aR V LOCAL ADMINISTRATION COMMISSIONER EX P TURNER AND ANOTHER | ||
| 650 | _aPLANNING PERMISSION | ||
| 650 | _aTOWN AND COUNTRY PLANNING ACT 1990 S106 | ||
| 650 | _aJUDICIAL REVIEW | ||
| 690 | _aPLANNING LAW AND PRACTICE-CASE LAW | ||
| 942 | _n0 | ||
| 999 |
_c70377 _d70377 |
||